000 00362nam a2200169Ia 4500
003 0STCL
008 150530s9999 xx 000 0 und d
040 _aSTCL
_cSTCL
100 _aDavis, C.P.
245 _aCost accounting part I
250 _aThird
260 _c1990
546 _aEnglish
942 _2ddc
_cBK
999 _c41479
_d41479
005 20220125170535.0